Представление документа в формате RUSMARC

Поле Инд. ПП Название Значение
Тип записи a
Библиографический уровень a
001 Контрольный номер b0292b7619824a24b48324b6b1c1faa0
005 Дата корректировки 20181120134555.6
100 a Данные общей обработки 20180904 ||| 0rusy0189 ca
101 0_ a Язык текста rus
102 a Страна публикации RU
200 1_ f Первые сведения об ответственности А.А. Копина
a Заглавие Вопросы определения и дифференциации физических лиц для целей определения порядка уплаты ими налога на доходы физических лиц
210 d Дата издания 2018
461 _0 1 2000
a Финансовое право
463 _0 1 2000
a №1
v С. 3-7
1 2101
d 2018
1 00143c6caf206b24182886d34cfbe8dc4b3
606 a Основная рубрика Финансовое право
610 0_ a Ключевые слова РГУП
a Ключевые слова НАЛОГОВОЕ ПРАВО
a Ключевые слова НАЛОГИ
a Ключевые слова ФИЗИЧЕСКИЕ ЛИЦА
700 _1 a Фамилия Копина
b Имя А.А.
801 _0 a Страна RU
b Организация РГУП
c Дата составления 20180904
g Правила каталогизации PSBO
801 _1 a Страна RU
b Организация РГУП
c Дата составления 20180904
g Правила каталогизации PSBO
901 t Тип документа b
w Контрольный № источника 43c6caf206b24182886d34cfbe8dc4b3
905 a Дата ввода 20180904